[Event "17e tournoi d'automne - tournoi A"]
[Site "Montigny le Bretonneux"]
[Date "2018.10.24"]
[Round "5.4"]
[White "Jourdain, Antoine"]
[Black "Delin, Valere"]
[Result "1/2-1/2"]
[WhiteElo "1767"]
[BlackElo "1882"]
[Annotator "Rivier,Sylvain"]
[PlyCount "122"]
[EventDate "2018.??.??"]

{Ouverture anglaise, variante sym�trique, syst�me Rubinstein} 1. c4 Nf6 2. g3
g6 3. Bg2 d5 4. Nf3 Bg7 5. cxd5 Nxd5 6. Nc3 O-O 7. O-O Nxc3 8. bxc3 c5 9. Rb1
Nc6 10. Qc2 Bf5 11. e4 Be6 12. Rxb7 Bc4 13. Re1 Ne5 14. Rb2 Bd3 15. Qa4 Nc4 16.
Rb3 Nb6 17. Qa5 Qc7 18. Bf1 Bxf1 19. Rxf1 f5 20. e5 f4 21. d4 fxg3 22. fxg3
Rxf3 23. Rxf3 cxd4 24. Bf4 Qc6 25. cxd4 Rd8 26. Qc5 Qa4 27. Rbd3 e6 28. Qa3 Qd7
29. Bg5 Nc4 30. Qe7 Qxe7 31. Bxe7 Rd7 32. Bf6 Bh6 33. g4 Nd2 34. Rf2 Ne4 35.
Rff3 Nd2 36. Rf2 Ne4 37. Rc2 Nxf6 38. Rc8+ Kg7 39. exf6+ Kxf6 40. Kf2 Bg7 41.
h4 Ke7 42. Ke3 h6 43. Rc5 g5 44. h5 Kf7 45. d5 Rd6 46. Rc7+ Kg8 47. dxe6 Rxe6+
48. Kd2 Re8 49. Rxa7 Be5 50. Ra6 Bf4+ 51. Kc2 Re2+ 52. Kb3 Be5 53. a4 Re4 54.
Rd7 Re3+ 55. Kc4 Rc3+ 56. Kd5 Bg7 57. Rg6 Rd3+ 58. Kc6 Rc3+ 59. Kd6 Kh8 60.
Rdxg7 Rc6+ 61. Ke5 Rc5+ 1/2-1/2

[Event "17e tournoi d'automne - tournoi A"]
[Site "Montigny le Bretonneux"]
[Date "2018.10.24"]
[Round "5.5"]
[White "Plantet, Marc"]
[Black "Duval, Dominique"]
[Result "1-0"]
[WhiteElo "1737"]
[BlackElo "1687"]
[Annotator "Rivier,Sylvain"]
[PlyCount "43"]
[EventDate "2018.??.??"]

{D�fense moderne} 1. e4 g6 2. d4 Bg7 3. Nc3 d6 4. Be3 a6 5. Nf3 b5 6. a3 Bb7 7.
Be2 Nd7 8. O-O Ngf6 9. e5 Nd5 10. e6 fxe6 11. Ng5 Nxc3 12. bxc3 Nf8 13. Bf3 d5
14. Bg4 h6 15. Nxe6 Nxe6 16. Bxe6 Rf8 17. f4 Bc8 18. f5 Bxe6 19. fxe6 Rf6 20.
Qg4 g5 21. Qh5+ Kf8 22. Rxf6+ 1-0

[Event "17e tournoi d'automne - tournoi A"]
[Site "Montigny le Bretonneux"]
[Date "2018.10.25"]
[Round "6.2"]
[White "Jourdain, Antoine"]
[Black "Verat-Fayolle, Celian"]
[Result "0-1"]
[WhiteElo "1767"]
[BlackElo "1882"]
[Annotator "Rivier,Sylvain"]
[PlyCount "52"]
[EventDate "2018.??.??"]

{Ouverture anglaise, variante sicilienne invers�e} 1. c4 e5 2. g3 Nc6 3. Bg2 f5
4. Nc3 Nf6 5. e4 Bc5 6. Nge2 O-O 7. O-O a5 8. d3 d6 9. h3 Be6 10. Kh2 fxe4 11.
Nxe4 Nxe4 12. Bxe4 Rxf2+ 13. Rxf2 Bxf2 14. Nc3 Qd7 15. Bg2 Rf8 16. Ne4 d5 17.
Ng5 dxc4 18. Nxe6 Qxe6 19. dxc4 e4 20. Qd5 Qxd5 21. cxd5 Nb4 22. Bxe4 Re8 23.
Kg2 Rxe4 24. Kxf2 Nd3+ 25. Kf3 Re1 26. b3 Rxc1 0-1

[Event "17e tournoi d'automne - tournoi A"]
[Site "Montigny le Bretonneux"]
[Date "2018.10.25"]
[Round "6.3"]
[White "Forissier, Nicolas"]
[Black "Claisse, Patrick"]
[Result "1-0"]
[WhiteElo "1974"]
[BlackElo "1733"]
[Annotator "Rivier,Sylvain"]
[PlyCount "57"]
[EventDate "2018.??.??"]

{D�fense Gr�nfeld, variante Alekhine} 1. d4 Nf6 2. c4 g6 3. Nc3 d5 4. cxd5 Nxd5
5. e4 Nxc3 6. bxc3 Bg7 7. Bc4 O-O 8. Be3 c5 9. Ne2 Qc7 10. Qc1 Rd8 11. O-O Nc6
12. a4 Na5 13. Ba2 b6 14. Rd1 Ba6 15. Nf4 cxd4 16. Nd5 Qd7 17. Rxd4 Qb7 18. Bg5
Nc6 19. Qf4 Rd7 20. Rd2 Ne5 21. Nxe7+ Rxe7 22. Bd5 Nc6 23. Bxc6 Qxc6 24. Bxe7
Qxc3 25. Rad1 h5 26. Rd7 Qb3 27. Bf6 Bf8 28. h3 Qxa4 29. Be5 1-0

[Event "17e tournoi d'automne - tournoi A"]
[Site "Montigny le Bretonneux"]
[Date "2018.10.25"]
[Round "6.4"]
[White "Delin, Valere"]
[Black "Appavou, Calixte"]
[Result "1-0"]
[WhiteElo "1882"]
[BlackElo "1761"]
[Annotator "Rivier,Sylvain"]
[PlyCount "139"]
[EventDate "2018.??.??"]

{Défense Caro-Kann, variante des deux cavaliers} 1. e4 c6 2. Nf3 d5 3. Nc3 Bg4
4. exd5 Nf6 5. dxc6 Nxc6 6. Be2 e6 7. d3 Be7 8. Bf4 O-O 9. O-O Rc8 10. a3 Nd5
11. Nxd5 Qxd5 12. Qd2 e5 13. Nxe5 Bxe2 14. Qxe2 Bf6 15. Nxc6 Rxc6 16. c3 Rd8
17. d4 Re6 18. Qd2 Be7 19. Rfe1 Rg6 20. Bg3 Bd6 21. Rac1 b5 22. Qe2 f5 23. f4
Rf8 24. Red1 Re6 25. Qd3 Re4 26. c4 bxc4 27. Qxc4 Qxc4 28. Rxc4 Bxf4 29. Bxf4
Rxf4 30. Rc5 Re8 31. g3 Rf3 32. Kg2 Rb3 33. Rd2 Reb8 34. Rcc2 Rd8 35. d5 Rb6
36. Kf3 Rd7 37. b4 Kf7 38. Kf4 Kf6 39. h4 g6 40. Rd4 h6 41. Rc5 g5+ 42. hxg5+
hxg5+ 43. Ke3 Rbd6 44. Ra5 Ke5 45. a4 Rf7 46. Rd2 f4+ 47. gxf4+ Rxf4 48. Rxa7
Rxb4 49. Re7+ Kf6 50. Re4 Rxe4+ 51. Kxe4 Ra6 52. Rd4 Ke7 53. Ke5 Kd7 54. Rg4
Ra5 55. Rxg5 Rxa4 56. Rg7+ Kd8 57. Ke6 Re4+ 58. Kd6 Ke8 59. Rb7 Re1 60. Rb8+
Kf7 61. Kd7 Rd1 62. d6 Rc1 63. Rc8 Rd1 64. Rc2 Rd3 65. Rf2+ Kg7 66. Ke7 Re3+
67. Kd8 Rd3 68. d7 Rd1 69. Rc2 Kf7 70. Kc7 1-0

[Event "17e tournoi d'automne - tournoi A"]
[Site "Montigny le Bretonneux"]
[Date "2018.10.25"]
[Round "6.5"]
[White "Duval, Dominique"]
[Black "Goudon, Gregory"]
[Result "0-1"]
[WhiteElo "1687"]
[BlackElo "1679"]
[Annotator "Rivier,Sylvain"]
[PlyCount "98"]
[EventDate "2018.??.??"]

{Partie du pion dame} 1. d4 d5 2. Bf4 Nf6 3. e3 e6 4. c3 Bd6 5. Bg3 O-O 6. Nf3
b6 7. Nbd2 Ba6 8. Bxa6 Nxa6 9. Ne5 Bxe5 10. Bxe5 c5 11. Qe2 c4 12. O-O Nd7 13.
Bg3 b5 14. a3 Nb6 15. Qh5 f6 16. f4 Qe8 17. Qg4 f5 18. Qe2 Nc7 19. Nf3 Nd7 20.
Kh1 Qh5 21. Qc2 Ne8 22. a4 Nd6 23. axb5 Rfb8 24. Ra6 Ne4 25. Kg1 Ndf6 26. Ng5
Nxg3 27. hxg3 Ng4 28. Re1 Qh2+ 29. Kf1 Qh1+ 30. Ke2 Qxg2+ 31. Kd1 Nf2+ 32. Kd2
Nd3+ 33. Re2 Qxg3 34. b4 Nxf4 35. Rxe6 Nxe2 36. Qxf5 Qh2 37. Qf7+ Kh8 38. Nf3
Qg2 39. Ne1 Qh2 40. Nf3 Qf2 41. Ne5 Qxf7 42. Nxf7+ Kg8 43. Ne5 Ng3 44. Nc6 Rxb5
45. Re5 Rf8 46. Ne7+ Kh8 47. Nc6 a6 48. Na7 Rb7 49. Nc6 Rbf7 0-1

[Event "17e tournoi d'automne - tournoi A"]
[Site "Montigny le Bretonneux"]
[Date "2018.10.26"]
[Round "7.1"]
[White "Goudon, Gregory"]
[Black "Veron, Cyprien"]
[Result "1/2-1/2"]
[WhiteElo "1679"]
[BlackElo "2028"]
[Annotator "Rivier,Sylvain"]
[PlyCount "94"]
[EventDate "2018.??.??"]

{Partie espagnole, variante d'�change} 1. e4 e5 2. Nf3 Nc6 3. Bb5 a6 4. Bxc6
dxc6 5. Nxe5 Qd4 6. Nf3 Qxe4+ 7. Qe2 Qxe2+ 8. Kxe2 Bf5 9. d3 O-O-O 10. Re1 f6
11. Nc3 Ne7 12. Kf1 Nd5 13. Nxd5 cxd5 14. Nd4 Bd7 15. Ne6 Bxe6 16. Rxe6 Kd7 17.
Re2 Bd6 18. Bd2 h5 19. Rae1 Rde8 20. h3 Rxe2 21. Rxe2 Be5 22. b3 Bd6 23. f3 b5
24. Kf2 Rb8 25. Be3 b4 26. Bd4 Rb5 27. c4 bxc3 28. Bxc3 Rb8 29. g3 Rf8 30. f4
h4 31. Kf3 hxg3 32. Be1 Rh8 33. Kg4 g6 34. Bxg3 f5+ 35. Kg5 Be7+ 36. Kxg6 Rxh3
37. Be1 Rxd3 38. Kxf5 Bd6 39. Kg4 c5 40. f5 c4 41. bxc4 dxc4 42. f6 c3 43. f7
Rd4+ 44. Kf5 Rf4+ 45. Kg6 Rg4+ 46. Kh7 Rf4 47. Kg6 Rg4+ 1/2-1/2

[Event "17e tournoi d'automne - tournoi A"]
[Site "Montigny le Bretonneux"]
[Date "2018.10.26"]
[Round "7.2"]
[White "Verat-Fayolle, Celian"]
[Black "Delin, Valere"]
[Result "1-0"]
[WhiteElo "1882"]
[BlackElo "1882"]
[Annotator "Rivier,Sylvain"]
[PlyCount "41"]
[EventDate "2018.??.??"]

{D�fense sicilienne, attaque Canal-Sokolsky} 1. e4 c5 2. Nf3 d6 3. Bb5+ Nd7 4.
c3 a6 5. Ba4 b5 6. Bc2 c4 7. O-O Ngf6 8. d4 cxd3 9. Qxd3 Bb7 10. Qe2 e6 11. Bf4
Be7 12. Rd1 Qb6 13. Nbd2 O-O 14. e5 Nd5 15. Bg3 dxe5 16. Nxe5 Nxe5 17. Bxe5 Bf6
18. Bxf6 Nxf6 19. Ne4 Nd5 20. Qh5 Nf4 21. Nf6+ 1-0

[Event "17e tournoi d'automne - tournoi A"]
[Site "Montigny le Bretonneux"]
[Date "2018.10.26"]
[Round "7.3"]
[White "Claisse, Patrick"]
[Black "Duval, Dominique"]
[Result "1/2-1/2"]
[WhiteElo "1733"]
[BlackElo "1687"]
[Annotator "Rivier,Sylvain"]
[PlyCount "109"]
[EventDate "2018.??.??"]

{Défense moderne} 1. e4 d6 2. d4 g6 3. Nc3 Bg7 4. Nf3 a6 5. a4 b6 6. Bc4 e6 7.
O-O h6 8. Be3 Ne7 9. Qd2 Nd7 10. Rad1 Bb7 11. Ne1 Nf6 12. f3 g5 13. Bd3 Ng6 14.
Ne2 Qe7 15. c4 Nh5 16. g3 O-O 17. Ng2 e5 18. d5 Bc8 19. Qc2 Bh3 20. b4 Qd7 21.
c5 b5 22. c6 Qc8 23. axb5 axb5 24. Bxb5 f5 25. exf5 Bxf5 26. Bd3 Bxd3 27. Qxd3
Qe8 28. b5 Qf7 29. Nc3 Ne7 30. b6 cxb6 31. Bxb6 Nc8 32. Be3 Nf6 33. Rb1 Ne7 34.
Rfd1 Ra3 35. Qc4 Rxc3 36. Qxc3 Nfxd5 37. Qc4 Nxe3 38. Nxe3 Qxc4 39. Nxc4 Nxc6
40. Rxd6 Nd4 41. Kg2 Nxf3 42. Rf1 e4 43. Re6 g4 44. Rxe4 h5 45. Rf4 Ra8 46.
R1xf3 gxf3+ 47. Rxf3 Kh7 48. Ne3 Rf8 49. Rxf8 Bxf8 50. Kh3 Kg6 51. Nd5 Ba3 52.
Kh4 Kh6 53. Nf4 Be7+ 54. Kh3 Ba3 55. Nxh5 1/2-1/2

[Event "17e tournoi d'automne - tournoi A"]
[Site "Montigny le Bretonneux"]
[Date "2018.10.26"]
[Round "7.4"]
[White "Appavou, Calixte"]
[Black "Forissier, Nicolas"]
[Result "0-1"]
[WhiteElo "1761"]
[BlackElo "1974"]
[Annotator "Rivier,Sylvain"]
[PlyCount "52"]
[EventDate "2018.??.??"]

{Partie viennoise} 1. e4 e5 2. Bc4 Nf6 3. d3 c6 4. Nc3 d5 5. exd5 cxd5 6. Bb5+
Nc6 7. Bd2 Bc5 8. Nf3 O-O 9. Bxc6 bxc6 10. O-O Re8 11. h3 e4 12. dxe4 dxe4 13.
Nh2 Nd5 14. Nxd5 cxd5 15. c3 Ba6 16. Re1 Qb6 17. Be3 Bxe3 18. Rxe3 Qxb2 19. Rg3
Bd3 20. Rc1 Rac8 21. Ng4 Re6 22. Ne3 d4 23. Nf5 g6 24. Nxd4 Rf6 25. f4 Rxf4 26.
Qe1 Rf1+ 0-1

[Event "17e tournoi d'automne - tournoi A"]
[Site "Montigny le Bretonneux"]
[Date "2018.10.26"]
[Round "7.5"]
[White "Plantet, Marc"]
[Black "Jourdain, Antoine"]
[Result "0-1"]
[WhiteElo "1737"]
[BlackElo "1767"]
[Annotator "Rivier,Sylvain"]
[PlyCount "54"]
[EventDate "2018.??.??"]

{D�fense Pirc} 1. e4 d6 2. d4 Nf6 3. Bd3 g6 4. Be3 Bg7 5. f4 e5 6. f5 exd4 7.
Bxd4 Nc6 8. Nf3 Nxd4 9. Nxd4 Qe7 10. O-O Bd7 11. c3 O-O-O 12. Nd2 Rde8 13. Qf3
c5 14. Nb5 a6 15. Na3 gxf5 16. e5 dxe5 17. Ndc4 Rhg8 18. Nb6+ Kc7 19. Nac4 Bc6
20. Qxf5 Bh8 21. Rf2 Rg7 22. Re1 Ng4 23. Rfe2 Qh4 24. g3 Nxh2 25. Be4 Rxg3+ 26.
Rg2 Rxg2+ 27. Kxg2 Rg8+ 0-1

[Event "17e tournoi d'automne - tournoi A"]
[Site "Montigny le Bretonneux"]
[Date "2018.10.27"]
[Round "8.1"]
[White "Veron, Cyprien"]
[Black "Claisse, Patrick"]
[Result "1-0"]
[WhiteElo "2028"]
[BlackElo "1733"]
[Annotator "Rivier,Sylvain"]
[PlyCount "85"]
[EventDate "2018.??.??"]

{Ouverture anglaise, variante sym�trique} 1. Nf3 Nf6 2. c4 c5 3. d4 cxd4 4.
Nxd4 e6 5. Nc3 Nc6 6. e3 Nxd4 7. exd4 d5 8. cxd5 Nxd5 9. Bd3 g6 10. h4 h6 11.
Qb3 Nxc3 12. bxc3 Qd5 13. O-O Qxb3 14. axb3 h5 15. Re1 Bg7 16. Ba3 Bd7 17. Bc5
a6 18. Bd6 Bf6 19. Be4 O-O-O 20. Bg3 Rde8 21. Ra5 Bb5 22. c4 Bd8 23. Ra2 Bd7
24. c5 Bc7 25. Be5 Bxe5 26. dxe5 Kc7 27. Rd1 Bc6 28. Bxc6 Kxc6 29. Rd6+ Kc7 30.
Rad2 Re7 31. Kh2 Rb8 32. Rc2 Rd7 33. Kg3 Re7 34. Kf4 Rc8 35. Kg5 Kb8 36. Kf6
Rec7 37. b4 a5 38. bxa5 Rxc5 39. Rxc5 Rxc5 40. f4 Rc2 41. Kxf7 Rxg2 42. Rxe6
Rg4 43. Rf6 1-0

[Event "17e tournoi d'automne - tournoi A"]
[Site "Montigny le Bretonneux"]
[Date "2018.10.27"]
[Round "8.2"]
[White "Verat-Fayolle, Celian"]
[Black "Plantet, Marc"]
[Result "1-0"]
[WhiteElo "1882"]
[BlackElo "1737"]
[Annotator "Rivier,Sylvain"]
[PlyCount "49"]
[EventDate "2018.??.??"]

{D�fense sicilienne, variante Alapine} 1. e4 c5 2. d4 cxd4 3. c3 e6 4. cxd4 d5
5. exd5 exd5 6. Nc3 Nf6 7. Bg5 Be7 8. h3 O-O 9. Nf3 Nc6 10. Be2 Re8 11. O-O Be6
12. Qb3 Qd7 13. Rad1 Rac8 14. Ne5 Nxe5 15. dxe5 Ne4 16. Nxe4 Qc7 17. Nd6 Bxg5
18. Nxe8 Rxe8 19. Bf3 d4 20. Bd5 Bf5 21. f4 Bc2 22. Bxf7+ Kf8 23. Qb5 Kxf7 24.
fxg5+ Kg6 25. Qxe8+ 1-0

[Event "17e tournoi d'automne - tournoi A"]
[Site "Montigny le Bretonneux"]
[Date "2018.10.27"]
[Round "8.3"]
[White "Delin, Valere"]
[Black "Forissier, Nicolas"]
[Result "0-1"]
[WhiteElo "1882"]
[BlackElo "1974"]
[Annotator "Rivier,Sylvain"]
[PlyCount "91"]
[EventDate "2018.??.??"]

{Partie espagnole, gambit J�nisch} 1. e4 e5 2. Nf3 Nc6 3. Bb5 f5 4. d3 Nf6 5.
O-O d6 6. Re1 fxe4 7. dxe4 Be7 8. Nc3 O-O 9. Bc4+ Kh8 10. Ng5 Qe8 11. a3 Nd4
12. Be3 Ng4 13. Nd5 Bxg5 14. Bxg5 Qg6 15. f4 h6 16. h3 Nf2 17. Ne7 Qe8 18. Kxf2
hxg5 19. f5 g6 20. c3 Nxf5 21. Nxg6+ Qxg6 22. exf5 Bxf5 23. Kg1 Rf6 24. Rf1
Raf8 25. Qa4 a6 26. Be2 R6f7 27. Qb4 c5 28. Qb3 Be6 29. Qd1 Rxf1+ 30. Bxf1 d5
31. Qe2 e4 32. Re1 Qf7 33. c4 Qf4 34. Kh1 d4 35. Qc2 e3 36. Be2 Bf5 37. Qd1 Qg3
38. Rf1 Kg7 39. Bd3 Bxh3 40. Be4 Bg4 41. Rf7+ Rxf7 42. Qd3 Qe1+ 43. Kh2 Rf1 44.
g3 Rf2+ 45. Bg2 Rxg2+ 46. Kxg2 0-1

[Event "17e tournoi d'automne - tournoi A"]
[Site "Montigny le Bretonneux"]
[Date "2018.10.27"]
[Round "8.4"]
[White "Jourdain, Antoine"]
[Black "Goudon, Gregory"]
[Result "1/2-1/2"]
[WhiteElo "1767"]
[BlackElo "1679"]
[Annotator "Rivier,Sylvain"]
[PlyCount "181"]
[EventDate "2018.??.??"]

{Gambit dame, défense Tarrasch, variante de Prague} 1. c4 c5 2. g3 Nf6 3. Bg2
e6 4. Nf3 Be7 5. Nc3 O-O 6. O-O d5 7. cxd5 exd5 8. d4 Nc6 9. dxc5 Bxc5 10. Bg5
d4 11. Nb5 a6 12. Rc1 Bb6 13. Na3 h6 14. Bf4 Nd5 15. Bd2 Be6 16. Nc4 Ba7 17.
Nfe5 Nxe5 18. Nxe5 Rc8 19. Rxc8 Qxc8 20. Qc1 Ne7 21. Bb4 Qxc1 22. Rxc1 Re8 23.
Nd3 Bxa2 24. Bxb7 Nd5 25. Rc8 Rxc8 26. Bxc8 Bc4 27. Bd2 Nb6 28. Bb7 Na4 29. b3
Bxb3 30. Bxa6 Nc5 31. Bb5 Nxd3 32. exd3 f6 33. Kf1 Kf7 34. Bb4 g5 35. Ke2 Bd5
36. f3 f5 37. Bc4 Ke6 38. Bf8 h5 39. Bb5 Bb8 40. Bg7 Be5 41. Bxe5 Kxe5 42. Be8
h4 43. f4+ gxf4 44. gxh4 f3+ 45. Kf2 Kf4 46. h5 Kg5 47. Bg6 Bc6 48. h4+ Kf6 49.
Bh7 Bb5 50. h6 Bxd3 51. Kxf3 Be4+ 52. Ke2 Kf7 53. Kd2 Kf6 54. Bg8 f4 55. h5 f3
56. Bc4 Kg5 57. Ke1 Kxh5 58. h7 Bxh7 59. Bd5 Kg4 60. Kf2 Kf4 61. Bxf3 Bc2 62.
Be2 Ke4 63. Bh5 Kd3 64. Ke1 Ke3 65. Be2 Bd3 66. Bh5 Be4 67. Be2 Bc2 68. Bh5 d3
69. Kf1 d2 70. Kg2 Bd3 71. Bd1 Be2 72. Ba4 Bc4 73. Bd1 Be2 74. Ba4 Bg4 75. Bc2
Ke2 76. Kg3 Be6 77. Kf4 Ke1 78. Ke3 Bg4 79. Bb3 Be6 80. Bc2 Bc4 81. Ba4 Be2 82.
Bb3 Bd1 83. Bd5 Bc2 84. Bf3 Bb3 85. Bg4 Be6 86. Bf3 Bd5 87. Bg4 Bb3 88. Bf3 Bd1
89. Bd5 Be2 90. Bb3 Bd1 91. Bd5 1/2-1/2

[Event "17e tournoi d'automne - tournoi A"]
[Site "Montigny le Bretonneux"]
[Date "2018.10.27"]
[Round "8.5"]
[White "Duval, Dominique"]
[Black "Appavou, Calixte"]
[Result "1/2-1/2"]
[WhiteElo "1687"]
[BlackElo "1761"]
[Annotator "Rivier,Sylvain"]
[PlyCount "61"]
[EventDate "2018.??.??"]

{Partie du pion dame} 1. d4 d5 2. Bf4 Nf6 3. e3 c6 4. Nd2 Bf5 5. Ngf3 e6 6. c4
Nbd7 7. Qb3 Qb6 8. c5 Qxb3 9. axb3 Be7 10. b4 O-O 11. h3 a6 12. Nb3 Ne4 13. Ne5
Nxe5 14. Bxe5 f6 15. Bc7 Rf7 16. Bh2 e5 17. f3 Ng5 18. dxe5 fxe5 19. Bxe5 Bxh3
20. Rxh3 Nxh3 21. gxh3 Re8 22. f4 Bf6 23. Kd2 Bxe5 24. fxe5 Rxe5 25. Be2 Rfe7
26. Bg4 h5 27. Bc8 Rxe3 28. Nd4 R3e4 29. Kd3 g6 30. Rg1 Kh7 31. Rg3 1/2-1/2

[Event "17e tournoi d'automne - tournoi A"]
[Site "Montigny le Bretonneux"]
[Date "2018.10.28"]
[Round "9.1"]
[White "Appavou, Calixte"]
[Black "Veron, Cyprien"]
[Result "0-1"]
[WhiteElo "1761"]
[BlackElo "2028"]
[Annotator "Rivier,Sylvain"]
[PlyCount "80"]
[EventDate "2018.??.??"]

{D�fense des deux cavaliers} 1. e4 e5 2. Nf3 Nc6 3. Bc4 Nf6 4. d3 h6 5. h3 d6
6. a3 a5 7. Nc3 g6 8. Be3 Bg7 9. O-O O-O 10. Nh2 Kh7 11. f4 exf4 12. Bxf4 Nh5
13. Be3 Ne5 14. Ba2 Be6 15. Bxe6 fxe6 16. Qd2 Qe7 17. Rxf8 Rxf8 18. Rf1 Rxf1+
19. Nxf1 Qd7 20. Qf2 d5 21. exd5 exd5 22. Ne2 b6 23. b3 a4 24. d4 axb3 25. cxb3
Nf7 26. Nf4 Nxf4 27. Qxf4 Nd8 28. Nd2 Ne6 29. Qf2 Qe7 30. b4 b5 31. Nf3 c6 32.
Ne5 Bxe5 33. dxe5 Qf8 34. Qd2 Qf5 35. Qf2 Qxf2+ 36. Kxf2 g5 37. Ba7 Kg6 38. g4
Nf4 39. Kg3 Kf7 40. Be3 Ng6 0-1

[Event "17e tournoi d'automne - tournoi A"]
[Site "Montigny le Bretonneux"]
[Date "2018.10.28"]
[Round "9.2"]
[White "Goudon, Gregory"]
[Black "Verat-Fayolle, Celian"]
[Result "1-0"]
[WhiteElo "1679"]
[BlackElo "1882"]
[Annotator "Rivier,Sylvain"]
[PlyCount "87"]
[EventDate "2018.??.??"]

{Partie espagnole} 1. e4 e5 2. Nf3 Nc6 3. Bb5 Nge7 4. O-O g6 5. d4 exd4 6. Nxd4
Bg7 7. Nxc6 Nxc6 8. Bxc6 bxc6 9. c3 O-O 10. Be3 d5 11. Nd2 Rb8 12. Qc2 a5 13.
Nb3 dxe4 14. Nxa5 Qd5 15. Nb3 Ba6 16. Rfd1 Bd3 17. Qd2 f5 18. Nc1 Bc4 19. Qxd5+
cxd5 20. Nb3 Bxb3 21. axb3 Rxb3 22. Rxd5 Rxb2 23. Rc5 Rc2 24. Rxc7 Rxc3 25.
Rxg7+ Kxg7 26. Bd4+ Kh6 27. Bxc3 Rf7 28. Kf1 Rc7 29. Rc1 g5 30. Ke2 Kg6 31. Bd2
Rxc1 32. Bxc1 f4 33. g3 Kf5 34. gxf4 gxf4 35. f3 e3 36. Kd3 Ke5 37. h4 Kd5 38.
Bb2 Kc5 39. Be5 Kd5 40. Bxf4 Ke6 41. Kxe3 Kf6 42. Bc7 h6 43. Kd4 Kg6 44. Ke5
1-0

[Event "17e tournoi d'automne - tournoi A"]
[Site "Montigny le Bretonneux"]
[Date "2018.10.28"]
[Round "9.3"]
[White "Claisse, Patrick"]
[Black "Jourdain, Antoine"]
[Result "1-0"]
[WhiteElo "1733"]
[BlackElo "1767"]
[Annotator "Rivier,Sylvain"]
[PlyCount "163"]
[EventDate "2018.??.??"]

{Défense Pirc, variante classique} 1. e4 d6 2. d4 Nf6 3. Nc3 g6 4. Nf3 Bg7 5.
Be2 c6 6. O-O O-O 7. h3 Nbd7 8. Be3 e5 9. dxe5 dxe5 10. a4 Qe7 11. Qd3 b6 12.
Qc4 Bb7 13. Rfd1 Rfe8 14. Nd2 Nf8 15. Nb3 Ne6 16. Bf1 Nd7 17. Rd2 Nb8 18. Ne2
Ba6 19. Qc3 c5 20. Nbc1 Nc6 21. Qa3 Na5 22. b3 f5 23. f3 Rad8 24. Nc3 Rxd2 25.
Bxd2 Bxf1 26. Kxf1 fxe4 27. Nxe4 Nc6 28. c3 Rf8 29. Ne2 Qh4 30. Kg1 Ncd8 31.
Qc1 Nf7 32. Qe1 Qe7 33. Rd1 Nfg5 34. Qg3 Nxe4 35. fxe4 Rd8 36. Qe1 Qd7 37. Qh4
h6 38. c4 g5 39. Qg4 Nd4 40. Qxd7 Rxd7 41. Nc1 Rf7 42. Rf1 Bf6 43. Bc3 Kg7 44.
Bxd4 exd4 45. Nd3 Re7 46. Re1 Be5 47. Kf2 Kg6 48. g4 Kf6 49. Kg2 Bf4 50. Re2
Be3 51. Kf3 Kg6 52. Re1 Rf7+ 53. Kg2 Re7 54. Kf3 Rf7+ 55. Kg2 Bf4 56. Rf1 h5
57. Rh1 Re7 58. Re1 Rh7 59. Rh1 Be3 60. Rf1 Re7 61. Kf3 hxg4+ 62. hxg4 Rh7 63.
Kg2 Re7 64. Kf3 Bf4 65. Rh1 Rf7 66. Kg2 Rf8 67. Rf1 Kg7 68. Rh1 Bd6 69. Rf1
Rxf1 70. Kxf1 Kf6 71. Kf2 Ke6 72. Kf3 a6 73. Ke2 Kd7 74. Kf3 Kc6 75. e5 Be7 76.
Ke4 b5 77. axb5+ axb5 78. cxb5+ Kxb5 79. Kd5 Kb6 80. Ke6 Bd8 81. Kd7 Bc7 82. e6
1-0

[Event "17e tournoi d'automne - tournoi A"]
[Site "Montigny le Bretonneux"]
[Date "2018.10.28"]
[Round "9.4"]
[White "Forissier, Nicolas"]
[Black "Duval, Dominique"]
[Result "1-0"]
[WhiteElo "1974"]
[BlackElo "1687"]
[Annotator "Rivier,Sylvain"]
[PlyCount "61"]
[EventDate "2018.??.??"]

{Gambit dame, d�fense Tchigorine} 1. d4 d5 2. c4 Nc6 3. cxd5 Qxd5 4. Nf3 e5 5.
Nc3 Bb4 6. e3 Bg4 7. Be2 Bxf3 8. Bxf3 e4 9. Be2 f5 10. O-O Bxc3 11. bxc3 Nf6
12. c4 Qd6 13. Qb3 Qb4 14. Qxb4 Nxb4 15. Rb1 a5 16. a3 Nd3 17. Rxb7 O-O 18. Bd2
Ng4 19. Bxd3 exd3 20. Rfb1 c5 21. f3 Nf6 22. d5 a4 23. Kf2 Rfd8 24. R1b5 Rd7
25. Bc3 Rxb7 26. Rxb7 Ne8 27. Be5 Ra6 28. Ke1 g6 29. Kd2 h5 30. Kxd3 g5 31. Rb5
1-0

[Event "17e tournoi d'automne - tournoi A"]
[Site "Montigny le Bretonneux"]
[Date "2018.10.28"]
[Round "9.5"]
[White "Plantet, Marc"]
[Black "Delin, Valere"]
[Result "0-1"]
[WhiteElo "1737"]
[BlackElo "1882"]
[Annotator "Rivier,Sylvain"]
[PlyCount "48"]
[EventDate "2018.??.??"]

{D�fense sicilienne} 1. e4 c5 2. Nf3 d6 3. d4 cxd4 4. Nxd4 Nf6 5. Nc3 Nc6 6.
Be3 e5 7. Nf3 Be6 8. Bd3 Be7 9. O-O O-O 10. Qe2 a6 11. Rad1 Nb4 12. a3 Nxd3 13.
cxd3 Rc8 14. Rd2 Ng4 15. Nd5 Bxd5 16. exd5 f5 17. h3 Nf6 18. d4 e4 19. Ng5 Qd7
20. Ne6 Rfe8 21. Nf4 g5 22. Nh5 f4 23. Bxf4 gxf4 24. Nxf4 Qf5 0-1